| 000 | 00000nam##2200000za#4500 |
| 001 | 9.570317 |
| 003 | CaOODSP |
| 005 | 20210624182202 |
| 007 | cr ||||||||||| |
| 008 | 150406|2002||||xxc|||||o f|0| 0 eng|d |
| 040 | |aCaOODSP|beng |
| 043 | |an-cn--- |
| 086 | 1 |aNM95-57/15-5-2002E-PDF |
| 110 | 1 |aCanada.|bCanadian Heritage. |bCanadian Conservation Institute. |
| 245 | 10|aLubrication for industrial collections |h[electronic resource] |
| 260 | |aOttawa - Ontario : |bCanadian Heritage. |cc2002. |
| 300 | |a4p.|breferences |
| 490 | 1 |aCCI Notes |v15/5 |
| 500 | |aThe catalogue number (NM95-57/15-5-2002E) and ISSN (0714-6221) for the print edition have been incorrectly copied in this electronic publication. |
| 590 | |a11-22-Supp|b2011-10-13 |
| 775 | 08|tLa lubrification des objets industriels |w(CaOODSP)9.601058 |
| 830 | #0|aCCI notes ;|v15/5|w(CaOODSP)9.506353 |
| 856 | 40|ahttp://publications.gc.ca|qPDF|s1.27 MB|uhttps://publications.gc.ca/collections/collection_2011/pc-ch/NM95-57-15-5-2002-eng.pdf|y15/5 |